000 00651cab a2200169 4500
001 L131005
008 050912n2005 000 0 eng u
035 _a(Sirsi) u131005
041 0 _aeng
245 0 0 _aDatabank: development
260 _c2005
490 0 _aProperty Week
_v70(37) 16 September 2005, 48(1)
520 _aDatabank containing figures from EC Harris on the costs of building a business park. Graphs show costs related to air conditioning, elemental costs and the percentage of costs in B1 business park developments.
590 _aIKA270905
690 _aPROPERTY-COMMERCIAL PROPERTY-COMMERCIAL PROPERTY DEVELOPMENT
942 _n0
999 _c104615
_d104615